000 00469nam a2200145Ia 4500
041 _aArabic
082 _a796.325 cut-249 ه
100 _a20260118u\\\\\\\\\\\y0engy0103\\\\ba
100 _aولهان حميد هادي
245 0 _aالكرة الطائرة وكرة الشاطئ مبادئها واختياراتها وقوانينها
250 _aط1
260 _bمطبعة المستقبل
_aبغداد -العراق
_c2006
300 _a452
942 _cBk
999 _c190322
_d190322